000 00953nam a22002297a 4500
999 _c7634
_d7634
003 AR-CdUCM
008 190321b ||||| |||| 00| 0 spa d
040 _aMUNICIPALIDAD PROVINCIAL DEL CUSCO
_cBIBLIOTECA MUNICIPAL DEL CUSCO
082 _a612.6 /
_bOR77
100 _aOrtíz, J.
_921559
245 _aCambios en la fecundidad peruana /
260 _aLima :
_bBetaprint,
_c1988.
300 _a103 paginas ,
_bCuadros, diagramas,
_c20 cm.
505 _aContenido : Caracterización nacional y regional -- Fundamentación teórica y metodología del estudio -- Influencia de las variables intermedias en la fecundidad -- Contribución de las variables intermedias de la fecundidad peruana en el periodo 1969-78
650 _aFecundidad
_91281
650 _aMujeres
_93760
650 _aCuerpo Humano
_921560
700 _aAlcantara, E.
_921561
710 _aCentro investigación en población Cusco
_921562
942 _2ddc
_cLIBROS
945 _awnts